| 000 | 00368nam a2200145 a 4500 | ||
|---|---|---|---|
| 999 |
_c855 _d855 |
||
| 001 | 855 | ||
| 003 | CDMR | ||
| 005 | 20210916115633.0 | ||
| 008 | 130130s1974||||||||||||||||||||||||||||d | ||
| 040 |
_aCDMR _bcat _cCDMR |
||
| 100 | 1 |
_9673 _aMartí Gómez, José |
|
| 245 | 1 | 3 |
_aEl arte como objeto de información _cJosé Marti Gomez |
| 260 |
_aBarcelona _c1974 |
||
| 942 |
_cTSN _2udc |
||